000 00527nam a2200193Ia 4500
005 20250423100911.0
008 250422s9999 xx 000 0 und d
020 _a9781259784637
050 _aHD 9980.5 .B67/
100 _aBordoloi, Sanjeev... [et al.]
245 0 _aService management : operations, strategy, information technology
250 _a9th ed.
260 _aNew York
260 _bMcGraw Hill Education
260 _c2019
300 _a520 p
650 _aService industries--Management.
942 _cBK
999 _c34683
_d34683